000 01344nam a2200313 i 4500
001 192217
003 ES-MaACL
005 20250809042458.0
008 221119s2019 sp a 000 idspa d
020 _a9781698571034
040 _cES-MaACL
080 _a341.231.14
245 0 0 _aCultural rights for a Tunisian-Spanish bridge :
_banalysis and reflections on human rights and diversity in time of growing human mobility /
_cBeatriz Barreiro Carril, Gemma Carbó Ribugent (directors) ; Costanza Piccione (coordinator).
260 _a[Madrid] :
_bEuropean Cultural Foundation,
_c2019.
300 _a139 páginas :
_bilustraciones (blanco y negro) ;
_c20 cm
500 _aÍndice
504 _aReferencias bibliográficas
546 _aTextos en inglés, italiano y español
650 7 _aDerechos humanos
_2embne
_911770
700 1 _aBarreiro Carril, Beatriz.
_9175856
_epbd
700 1 _aCarbó Ribugent, Gemma.
_9175857
_epbd
700 1 _aPiccione, Costanza.
_9175855
_epbl
710 2 _9235005
_aFundación Europea de la Cultura
852 4 _aES-MaACL
_jN-8170
_gDedicatoria autógrafa de Beatriz Barreiro Carril
_hDonación: Beatriz Barreiro Carril
_cDEPOJ
_9199499
903 _9175856
_aBarreiro Carril, Beatriz
_ednr
942 _cMONOGRAFIA
_n0
999 _c192217
_d192217